000
00252nam a2200097Ia 4500
001
923039
005
20250826191455.0
008
250824s9999 xx 000 0 und d
245
0
_a
BYE BYE TÜRKÇE
_c
OKTAY SİNANOĞLU
260
_b
BİLİM GÖNÜL YAYINLARI
999
_c
923039
_d
923039